Trombinoscope - Actrices francophones - Statistiques

Statistiques générales
  • Ce quiz a été pris 289 fois
  • Le résultat moyen est 35 sur 100
Statistiques - réponses
Hint Réponse % Correct
Valérie Lemercier
84%
Virginie Efira
84%
Isabelle Nanty
83%
Sandrine Kiberlain
82%
Adèle Exarchopoulos
81%
Marina Foïs
80%
Marion Cotillard
78%
Isabelle Adjani
76%
Catherine Deneuve
76%
Josiane Balasko
75%
Léa Seydoux
75%
Leïla Bekhti
74%
Arielle Dombasle
74%
Brigitte Bardot
74%
Catherine Frot
71%
Béatrice Dalle
69%
Jane Birkin
69%
Monica Bellucci
68%
Isabelle Huppert
67%
Fanny Ardant
65%
Karin Viard
63%
Emmanuelle Béart
59%
Romy Schneider
58%
Carole Bouquet
57%
Anémone
56%
Nathalie Baye
55%
Miou-Miou
55%
Juliette Binoche
55%
Corinne Masiero
55%
Agnès Jaoui
54%
Léa Drucker
54%
Sylvie Testud
53%
Simone Signoret
49%
Yolande Moreau
48%
Virginie Ledoyen
47%
Anaïs Demoustier
46%
Firmine Richard
46%
Sandrine Bonnaire
45%
Emmanuelle Devos
43%
Sara Giraudeau
41%
Marie Trintignant
41%
Annie Girardot
41%
Jeanne Moreau
40%
Émilie Dequenne
40%
Françoise Fabian
40%
Dominique Lavanant
40%
Bernadette Lafont
38%
Sabine Azéma
37%
Valeria Bruni Tedeschi
37%
Brigitte Fossey
37%
Golshifteh Farahani
35%
Macha Méril
31%
Ariane Ascaride
29%
Hafsia Herzi
26%
Anouk Aimée
25%
Amira Casar
23%
Danielle Darrieux
23%
Jeanne Balibar
22%
Micheline Presle
20%
Jean Seberg
19%
Michèle Morgan
18%
Arletty
17%
Françoise Dorléac
16%
Stéphane Audran
16%
Aurore Clément
15%
Emmanuelle Riva
15%
Pascale Ogier
15%
Agathe Bonitzer
14%
Orane Demazis
13%
Jacqueline Bisset
13%
Delphine Seyrig
13%
Claude Jade
12%
Sabine Haudepin
12%
Marianne Basler
11%
Musidora
11%
Madeleine Renaud
10%
Anna Karina
10%
Bulle Ogier
10%
Simone Simon
8%
Édith Scob
8%
Irène Jacob
7%
Françoise Lebrun
7%
Françoise Arnoul
6%
Hélène Fillières
6%
Martine Carol
6%
Pauline Carton
6%
Renée Falconetti
5%
Galatéa Bellugi
5%
Maria Casarès
5%
Anne Wiazemsky
5%
Sylvia Bataille
4%
Gaby Morlay
4%
Astrid Adverbe
3%
Ingrid Bourgoin
3%
Hélène Surgère
3%
Juliet Berto
3%
Marie Rivière
3%
Dita Parlo
2%
Myriem Roussel
2%
Béatrice Romand
2%
Aucun quiz correspondant
Distribution des résultats
% des personnes avec chaque résultat
Percentile par nombre de réponses
Votre historique - résultats
Vous n’avez pas pris ce quiz